20 Biggest cities in the Czech Republic with a Map - Statistics

General Stats
  • This quiz has been taken 3,568 times
    3,329 since last reset
  • The average score is 14 of 20
Answers on the Map
Answers color-coded by a green-red scale on the quiz's map according to % correct below.
 
Answer Stats
City Population % Correct
Praha 1,335,084
100%
Brno 382,405
98%
Ostrava 284,982
93%
Plzeň 175,219
90%
Liberec 104,261
80%
Olomouc 100,514
80%
České Budějovice 94,229
75%
Pardubice 91,755
74%
Ústí nad Labem 91,982
73%
Hradec Králové 92,683
72%
Zlín 74,478
70%
Jihlava 51,125
62%
Kladno 68,896
57%
Most 65,341
57%
Opava 55,996
55%
Karviná 50,902
48%
Frýdek-Místek 55,006
46%
Teplice 49,705
42%
Chomutov 48,349
41%
Havířov 70,165
40%
No matching quizzes found
Score Distribution
Percent of People with Each Score
Percentile by Number Answered
Your Score History
You have not taken this quiz since the last reset